Music Quiz

Random Music Quiz

Rappers by height Quiz Stats

Quiz not verified by Sporcle

Challenge
Share
Tweet
Embed
Score 0/125 Timer 20:00
0 Plays Today
Hint Answer % Correct
5'8'Eminem
53.8%
5'8'-5'9'T.I.
46.2%
6'2'Jay-Z
46.2%
5'5'-5'6'Lil Wayne
42.3%
5'7'-5'8'Tyga
38.5%
6'1'Dr. Dre
34.6%
6'4'The Game
33.3%
5'8'Big Sean
33.3%
6'4'Snoop Dogg
30.8%
5'3'-5'5'Eazy-E
30.8%
6'0'Drake
26.9%
6'4'-6'5'2 Chainz
26.9%
5'8'Kanye West
26.9%
5'8'-5'9'Nas
26.9%
6'2'-6'3'The Notorious B.I.G.
26.9%
6'1'-6'3'J. Cole
23.1%
5'5'-5'6'Kendrick Lamar
23.1%
6'4'Wiz Khalifa
23.1%
6'2'LL Cool J
21.4%
6'2'Gucci Mane
19.2%
6'0'-6'3'Meek Mill
19.2%
5'11'-6'0'Rick Ross
19.2%
5'8'-5'9'Ludacris
19.2%
5'11'Kodak Black
19.2%
5'11'Quavo
19.2%
5'3'-5'5'Lil Uzi Vert
17.6%
5'11'ASAP Rocky
15.4%
5'11'ASAP Ferg
15.4%
5'10'-6'1'Fat Joe
15.4%
6'6'Slim Thug
15.4%
6'1'Busta Rhymes
15.4%
6'0'Juicy J
15.4%
5'10'B.o.B
15.4%
5'10'Xzibit
15.4%
5'8'Tech N9ne
15.4%
6'3'Killer Mike
15.4%
5'10'-6'3'Travis Scott
15.4%
5'11'Z-Ro
15.4%
6'0'The Alchemist
15.4%
5'11'Snootie Wild
15.4%
6'2'RZA
14.3%
5'11'Lil Yachty
11.8%
Hint Answer % Correct
5'10'21 Savage
11.8%
6'3'-6'4'Waka Flocka Flame
11.5%
5'9'Twista
11.5%
5'6'-5’7'Lil B
11.5%
5'2'-5'7'Big Pun
11.5%
6'6'Project Pat
11.5%
5'6'-5'9'Ja Rule
11.5%
6'2'Future
11.5%
5'8'Big L
11.5%
6'3'Young Thug
11.5%
5'11'Takeoff
11.5%
5'8'Nelly
11.5%
5'9'-5'11'Tupac Shakur
11.5%
5'7'Layzie Bone
11.5%
6'0'-6'1'Chris Brown
11.5%
5'11'Offset
11.5%
5'2'-5'3'Nicki Minaj
11.5%
5'7-5'9'Swae Lee
11.5%
5'6'Xxxtentacion
10%
5'11'Jim Jones
9.5%
5'6'Boosie Badazz
7.7%
5'7'Bow Wow
7.7%
5'9'-5'11'Young Jeezy
7.7%
5'6'Prodigy
7.7%
5'8'T-Pain
7.7%
5'11'Famous Dex
7.7%
5'7'Jadakiss
7.7%
6'2'Lord Infamous
7.7%
6'2'DJ Paul
7.7%
6'2'Koopsta Knicca
7.7%
3'8'Bushwick Bill
7.7%
5'10'Wale
7.7%
6'0'Rich the Kid
7.7%
6'1'-6'2'Trey Songz
7.7%
5'11'-6'0'Denzel Curry
7.7%
5'10'Iggy Azalea
7.7%
5'11'Bizzy Bone
7.7%
6'3'-6'4'Master P
7.7%
5'7'-5'9'Slim Jxmmi
7.7%
6'4'C-Murder
7.7%
5'11'-6'0'Havoc
7.7%
6'2'Jeremih
7.7%
Hint Answer % Correct
5'7'Malcolm David Kelley
7.7%
6'2'Warren G
7.7%
5'6'-5'8'Omarion
7.7%
6'0'Big Noyd
7.7%
5'11-6'1'-6'3'Willie D
7.7%
5'3'Benzino
7.7%
6'0'Yelawolf
7.7%
5'8'Raekwon
7.1%
6'3'Nipsey Hussle
5.9%
5'8'Juelz Santana
5%
6'1'Cam'ron
4.8%
6'0'Tyler Joseph
3.8%
6'0'Indo G
3.8%
5'11'Mystikal
3.8%
6'4'Silkk The Shocker
3.8%
5'11'B.G.
3.8%
6'0'A Boogie Wit Da Hoodie
3.8%
5'11'DMX
3.8%
6'1'-6'2'R. Kelly
3.8%
5'11'Vic Mensa
3.8%
6'0'Nate Dogg
3.8%
6'6'Chali 2na
3.8%
5'9'Soulja Boy
3.8%
6'2'Bone Crusher
3.8%
6'0'Guru
3.8%
6'2'Krayzie Bone
3.8%
4'11'Lil Kim
3.8%
4'11'-5'2'-5'3'Lil Mama
3.8%
5'11'Unk
3.8%
5'11'V.I.C.
3.8%
6'5'-6'6'Mike Jones
3.8%
6'1'Crunchy Black
0%
5'11'Gangsta Blac
0%
5'11'Frayser Boy
0%
5'8'-5'10'Lil Scrappy
0%
5'0'Peewee Longway
0%
5'4'Jermaine Dupri
0%
6'1'Immortal Technique
0%
5'5'Eve
0%
6'1'-6'2'Ghostface Killah
0%
6'0'GZA
0%

You're not logged in!

Compare scores with friends on all Sporcle quizzes.
Sign Up with Email
OR
Log In

You Might Also Like...

Show Comments

Extras

Top Quizzes Today


Score Distribution

Your Account Isn't Verified!

In order to create a playlist on Sporcle, you need to verify the email address you used during registration. Go to your Sporcle Settings to finish the process.

Report this User

Report this user for behavior that violates our Community Guidelines.

Details: